书目信息 |
| 题名: |
北京现代物流体系规划与建设
|
|
| 作者: | 孙前进 编著 | |
| 分册: | ||
| 出版信息: | 北京 中国物资出版社 2009 |
|
| 页数: | 501页 | |
| 开本: | 23cm | |
| 丛书名: | ||
| 单 册: | ||
| 中图分类: | F259.271 | |
| 科图分类: | ||
| 主题词: | 物流--物资管理--研究--北京市 , 物流 , 物资管理 | |
| 电子资源: | ||
| ISBN: | 978-7-5047-3241-5 | |
| 000 | 00694nam0 2200229 45 | |
| 005 | 20100303110304.68 | |
| 010 | @a978-7-5047-3241-5@dCNY80.00 | |
| 100 | @a20100121d2009 em y0chiy0110 ea | |
| 101 | 0 | @achi |
| 102 | @aCN@b110000 | |
| 105 | @ay z 000yy | |
| 106 | @ar | |
| 200 | 1 | @a北京现代物流体系规划与建设@ABei Jing Xian Dai Wu Liu Ti Xi Gui Hua Yu Jian She@f孙前进编著@FSun Qian Jin Bian Zhu |
| 210 | @a北京@c中国物资出版社@d2009 | |
| 215 | @a501页@d23cm | |
| 606 | 0 | @a物流@x物资管理@x研究@y北京市 |
| 606 | 0 | @a物流 |
| 606 | 0 | @a物资管理 |
| 690 | @aF259.271@v4 | |
| 701 | 0 | @a孙前进@ASun Qian Jin@4编著 |
| 801 | 0 | @aCN@bTANGWEI@c20100303 |
| 905 | @b0585069-71@dF259.271@e133@f3 | |
| 北京现代物流体系规划与建设/孙前进编著.-北京:中国物资出版社,2009 |
| 501页;23cm |
| ISBN 978-7-5047-3241-5:CNY80.00 |
| ● |
| 相关链接 |
|
|
|
|
正题名:北京现代物流体系规划与建设
索取号:F259.271/133
 
预约/预借
| 序号 | 登录号 | 条形码 | 馆藏地/架位号 | 状态 | 备注 |
| 1 | 0585069 | 205850694 | 第一样本阅览室/ [索取号:F259.271/133] | 在馆 | |
| 2 | 0585070 | 205850701 | 第一借阅区/ [索取号:F259.271/133] | 在馆 | |
| 3 | 0585071 | 205850710 | 密集书库-海洋学院/ [索取号:F259.271/133] | 在馆 |